000 01488nam0a2200397 4500
001 RU\NLR\bibl\212198
005 20260405130423.0
010 _a5-901690-01-X
021 _aRU
_b2001-34778
_91655
035 _a(NLR Aleph) 000208387
090 _a1209165
_c1209165
100 _a20011129d2001 |||y0rusy50 ca
101 0 _arus
102 _aRU
105 _aa |||||||||
200 1 _aУсыпальницы Введенского кладбища (сохранившиеся к началу XXI в.)
_fН.В. Реполайнен, Ю.Н. Соловьева, М.С. Солюс
210 _aМ.
_cВолслов
_d2001
215 _a76 с.
_cил.
_d20
320 _aБиблиогр.: с. 74
601 0 2 _aВведенское кладбище
_cМосква
_91240774
_3RU\NLR\auth\66189465
610 0 _aКладбища
610 0 _aНадгробия (иск.)
675 _a726.8(470-25)
_v3
_zrus
686 _a67.07
_2rugasnti
686 _a85.113.2
_2rubbk
686 _aТ3(2-2М)
700 1 _aРеполайнен
_gНиколай Васильевич
_4070
701 1 _4070
_7ca
_8rus
_aСоловьева
_bЮ. Н.
_cканд. физ.-мат. наук
_f1937-
_gЮлия Николаевна
_934476
_3RU\NLR\AUTH\7751543
701 1 _aСолюс
_gМарина Сергеевна
_4070
801 0 _aRU
_bRKP
_c20011129
_gPSBO
801 1 _aRU
_bRKP
_c20011129
801 2 _aRU
_bNLR
_c20070504
_grcr
942 _cBOOK
980 _aNB